Logo na M - Statystyki

Ogólne statystyki
  • Ten quiz został rozwiązany 35 razy
  • Średni wynik to 16 z 19
Statystyki odpowiedzi
Obrazkowy Hint Odpowiedź % Poprawnych
Samochody Mazda
100%
Bank mBank
100%
Komunikator Messenger
97%
Samochody Mitsubishi
97%
Energetyki Monster
97%
Karta płatnicza Mastercard
94%
Fast-Food Mcdonald's
94%
Samochody Mercedes
94%
Gra Minecraft
94%
Technologia Microsoft
91%
Market budowlany Mrówka
91%
RTV/AGD Mediaexpert
88%
Zespół muzyczny Metallica
88%
Kino Multikino
85%
Opony Michelin
82%
Samochody Maserati
67%
Mleczarnia Mlekpol
58%
Samochody McLaren
48%
Centrum medyczne Medicover
30%
Nie znaleziono quizów pasujących do podanych kryteriów
Rozkład punktacji
Procent ludzi z każdym wynikiem
Percentyl według liczby udzielonych odpowiedzi
Twoja historia wyników
Nie rozwiązałeś tego quizu